000 00804nam a2200289Ia 4500
003 OSt
005 20221006142628.0
006 a|||||r|||| 00| 0
007 ta
008 221006b |||||||| |||| 00| 0 eng d
020 _a0520051203
_c
_45.95
024 _a6,802
037 _cTextual
040 _aEASL
_cEASL
_beng
041 _2eng
_aeng
082 _aY:1.41.N12, M5
100 _aJOHNSON David etc. Ed.
_9648035
245 0 _aPopular culture in late imperical China
260 _aLondon
_bUnivesity of California
_c1985
300 _a170p.
_ccm.
490 _v CEL
650 _a China civilization
_9583158
650 _a China popular culture
_9648036
650 _aCEL
942 _hY:1.41.N12, M5
_cTEXL
_2CC
999 _c1074888
_d1074888